| 000 | 00423nam a2200181Ia 4500 | ||
|---|---|---|---|
| 001 | 18000 | ||
| 005 | 20260306171558.0 | ||
| 008 | 260306s9999||||xx |||||||||||||| ||und|| | ||
| 041 | _aESP | ||
| 082 |
_a658.31 _bP41M |
||
| 100 |
_aPenim, Ana Teresa, _eAUT |
||
| 245 | 0 | _aHerramientas de mentoring | |
| 260 | _c2019 | ||
| 300 |
_a245 páginas : _c24 cm. |
||
| 650 | _aGEN | ||
| 654 | _aCAN | ||
| 942 |
_cLIB _dJUS _fJUS _2ddc _n |
||
| 999 |
_c18000 _d18000 |
||